Imputación objetiva
Salvato in:
| Autore principale: | |
|---|---|
| Natura: | Libro |
| Lingua: | spagnolo |
| Pubblicazione: |
Montevideo
B de F
2006
|
| Soggetti: | |
| Tags: |
Aggiungi Tag
Nessun Tag, puoi essere il primo ad aggiungerne!!
|
MARC
| LEADER | 00000nam a2200000 a 4500 | ||
|---|---|---|---|
| 001 | UCG4673 | ||
| 003 | CL-VaPUC | ||
| 008 | 101118e20060000UY |||||||||||||||||spa|d | ||
| 020 | |a 9974578787 | ||
| 082 | 0 | 4 | |a 345.05 |b JES |2 21 |
| 100 | 0 | |a Jesús, Damásio E. de |e author |9 554087 | |
| 245 | 1 | 0 | |a Imputación objetiva |
| 300 | |a 231 p | ||
| 942 | |c BK | ||
| 945 | |d 20101118 00:00:00 |a mfarfan | ||
| 260 | |a Montevideo |b B de F |c 2006 | ||
| 650 | 7 | |a IMPUTACION OBJETIVA |2 CL-VaPUC |9 470139 | |
| 650 | 7 | |a DERECHO PENAL |2 CL-VaPUC |9 11 | |
| 583 | |a last modification |c 20101118 00:00:00 |k Rodrigo Vera | ||
| 999 | |c 343341 |d 343339 | ||
| 952 | |0 0 |1 0 |4 0 |6 345_050000000000000_JES_2006 |7 0 |8 A |9 440581 |a BIBDER |b BIBDER |d 2019-11-22 |i 4735609 |l 1 |o 345.05 JES 2006 |p 4735609 |r 2024-01-18 |s 2024-01-18 |w 2019-11-22 |y BK |k DER | ||